| 000 | 00836nam a22002417a 4500 | ||
|---|---|---|---|
| 003 | 0 | ||
| 005 | 20250916110834.0 | ||
| 008 | 250916b xxu||||| |||| 00| 0 eng d | ||
| 020 | _a978-1-394-25206-0 | ||
| 050 |
_aHD 45 _b.T53 2025 |
||
| 100 |
_aTidd, Joe, _eauthor. |
||
| 245 |
_aManaging innovation : _bintegrating technological, market and organizational change / _cJoe Tidd and John Bessant. |
||
| 250 | _aEighth edition. | ||
| 260 |
_aHoboken, NJ : _bJohn Wiley & Sons, _c2025. |
||
| 300 |
_axxiii, 628 pages : _billustrations ; _c26 cm. |
||
| 504 | _aIncludes bibliographical references and index. | ||
| 650 |
_aTechnological innovations _xManagement. |
||
| 650 | _aIndustrial management. | ||
| 650 | _aTechnological innovations. | ||
| 650 | _aOrganizational chnge. | ||
| 700 |
_aBessant, John, _eauthor. |
||
| 942 |
_2lcc _cBK |
||
| 999 |
_c367980 _d367980 |
||